000 01760cam a22004454i 4500
003 PE-LiUPU
005 20250731173448.0
008 150616s1966 sp a r 000 0 spa d
035 _a(Sirsi) a6217
040 _aPE-LiUPU
_bspa
_cPE-LiUPU
_erda
049 _aPRUA
082 0 4 _a282.09
_bLl57
_221
100 1 _aLlorca P, Bernardino,
_eautor.
245 1 0 _aManual de Historia Eclesiástica /
_cP Bernardino Llorca P.
264 1 _aBarcelona :
_bEditorial Labor,
_c1966.
300 _a925 páginas :
_bilustraciones lams, mapas ;
_c22 centímetros
336 _atext
_2rdacontent
337 _aunmediated
_2rdamedia
338 _avolume
_2rdacarrier
505 0 _aEdad Antigua: la iglesia en sus primeras luchas y Iglesia -- Desarrollo hasta su reconocimiento por el estado -- Iglesia -- Lucha de la iglesia contra el paganismo -- Grandes herejías cristológicas -- Lucha contra el error y la herejía -- Principios de la reforma católica -- Pontificado de Juan XXIII.
526 _aSEG42
526 _aSEG41
526 _aSEG40
526 _aSEG39
526 _aP94
526 _aP87
526 _aP86
526 _aP85
526 _aP77
526 _aP76
526 _aP35
650 0 4 _aIglesia catolica - Historia.
910 _ajck
_bjvq
_cjck
942 _2ddc
_cBOOK
949 _a282.09 Ll57
_wDEWEY
_c1
_i39627
_lCCODEBUL1
_mBUL
_p30.00
_r0
_sY
_tBOOK
_u20060223
_xTEOLOGIA
_zUNKNOWN
_0COMPRA
_o.STAFF. Colección Teología
994 _aC0
_bPEPRU
596 _a1
999 _a282.09 LL57
_wDEWEY
_c57327
_i39627
_d57327
_e2018-4-23
_f2021-11-11
_g5
_lCCODEBUL1
_mBUL
_n4
_p30.00
_q2
_r0
_sY
_tBOOK
_u2015-6-16
_xTEOLOGIA
_PP35
_0COMPRA
_o.STAFF. Colección Teología
980 _81
_gALBERTO SANCHEZ Responsable de Automatización